|
|
|
|
| LEADER |
01479nam a2200397 a 4500 |
| 001 |
EBC770961 |
| 003 |
MiAaPQ |
| 005 |
20200520144314.0 |
| 006 |
m o d | |
| 007 |
cr cn||||||||| |
| 008 |
111105s2008 ne sb 000 0 eng d |
| 020 |
|
|
|z 9789052603087
|
| 020 |
|
|
|a 9789048521197 (electronic bk.)
|
| 035 |
|
|
|a (MiAaPQ)EBC770961
|
| 035 |
|
|
|a (Au-PeEL)EBL770961
|
| 035 |
|
|
|a (CaPaEBR)ebr10498787
|
| 035 |
|
|
|a (CaONFJC)MIL325963
|
| 035 |
|
|
|a (OCoLC)751963307
|
| 040 |
|
|
|a MiAaPQ
|c MiAaPQ
|d MiAaPQ
|
| 043 |
|
|
|a e------
|
| 050 |
|
4 |
|a HE363.E85
|b S3 2008
|
| 100 |
1 |
|
|a Schipper, Frank.
|
| 245 |
1 |
0 |
|a Driving Europe
|h [electronic resource] :
|b building Europe on roads in the twentieth century /
|c Frank Schipper.
|
| 260 |
|
|
|a Amsterdam :
|b Aksant,
|c 2008.
|
| 300 |
|
|
|a 318 p.
|
| 490 |
1 |
|
|a Technology and European history series
|
| 490 |
1 |
|
|a Foundation for the history of technology
|
| 504 |
|
|
|a Includes bibliographical references.
|
| 533 |
|
|
|a Electronic reproduction. Ann Arbor, MI : ProQuest, 2015. Available via World Wide Web. Access may be limited to ProQuest affiliated libraries.
|
| 650 |
|
0 |
|a Roads
|z Europe
|x History.
|
| 651 |
|
0 |
|a Europe
|x History
|y 20th century.
|
| 655 |
|
4 |
|a Electronic books.
|
| 710 |
2 |
|
|a ProQuest (Firm)
|
| 830 |
|
0 |
|a Technology and European history series.
|
| 830 |
|
0 |
|a Foundation for the history of technology.
|
| 856 |
4 |
0 |
|u https://ebookcentral.proquest.com/lib/matrademy/detail.action?docID=770961
|z Click to View
|